Responses for Show #4085 - Friday, May 10, 2002

2002 Million Dollar Masters semifinal game 3.

Contestants

[<< previous game]

Claudia Perry, a sports copy editor from Jersey City, New Jersey

Bob Verini, a film journalist and test prep teacher from Los Angeles, California

Chuck Forrest, a lawyer and CEO from London, United Kingdom

[next game >>]

Jeopardy! Round responses

THOSE DARN ETRUSCANS
PEOPLE
SO YOU WANT TO BE A 19th CENTURY HEROINE
CENTRAL PARK
THIS CATEGORY STINKS!
ABBREVIATED STATES
(Alex: But we want you to give the state's full name, not the abbreviation!)
    $200 2
a toga

Chuck
    $200 6
The Rock

Bob
    $200 7
Little

Chuck
    $200 3
the zoo

Claudia
    $200 5
garlic

Chuck
    $200 1
Oregon

Chuck
    $400 11
(Bob: What is Vienna?)

Bologna

ChuckBob
    $400 15
Sid Vicious

Bob
    $400 23
governess

Bob
    $400 4
Poland

Chuck
    $400 12
Limburg

Chuck
    $400 8
(Alex: For L.A., yes.)

Louisiana

Claudia
    $600 14
(Bob: What is San Marino?)

the Vatican City

ChuckBob
    $600 16
Georgia Frontiere

Claudia
    $600 24
Jane Austen

Bob
    $600 19
Jacqueline Kennedy Onassis

Chuck
    $600 20
Pepé Le Pew

Claudia
    $600 9
Missouri

Claudia
    $800 29
Romulus & Remus

Chuck
    $800 17
Tommy Lee Jones

Claudia
    $800 25
Henry James

Bob
    $800 27
Cyd Charisse

Bob
    $2,000 21
(Claudia: $800! STINKS!)
(Alex: Okay. Well, maybe it doesn't stink, you found the Daily Double! And you're in the lead by $400!)
(Claudia: This is smelling better all the time! Um... I'll wager $2,000.)
...
(Claudia: What is a swamp rat?)
(Alex: No, what is [*]? [*].)
(Claudia: [Whispers, pounding fist] Darn!)
(Alex: All right, Claudia, select again.)
(Claudia: [Angrily] THIS CATEGORY STINKS!, $1000.)
[Laughter]

the muskrat

Claudia
    $800 10
(Bob: What is Arkansas?)
(Claudia: Uh, what is AK, for AK-47, not Arkansas?)

Alaska

ChuckBobClaudia
    $1000 30
(Bob: Who is Robert Graves?)

D.H. Lawrence

Bob
Triple Stumper
    $1000 18
Hank Aaron

Claudia
    $1000 26
Middlemarch

Triple Stumper
    $1000 28
the Temple of Dendur

Bob
    $1000 22
Polyester

Bob
    $1000 13
(Chuck: What is Delaware?)
...
(Alex: Correct response: What is [*]? V.A.--Veterans' Affairs.)

Virginia

Chuck
Triple Stumper

Scores at the first commercial break (after clue 12):

Chuck Bob Claudia
$2,800 -$1,000 $400

Scores at the end of the Jeopardy! Round:

Chuck Bob Claudia
$3,800 $2,400 $1,400

Double Jeopardy! Round responses

COLONIAL ARTS
INTERNATIONAL CUISINE
WE ARE THE CHAMPIONS
RELIGION
PROBLEMS, PROBLEMS
"EN" THE BEGINNING
    $400 26
Charleston

Chuck
    $400 4
bird's nest soup

Chuck
    $400 1
(Chuck: What is the University of Florida?)

Florida State University

ChuckClaudia
    $400 14
Episcopal

Claudia
    $400 3
a map

Chuck
    $400 5
endorphins

Bob
    $800 27
(Chuck: What is Plymouth?)

Boston

ChuckBob
    $800 20
fondue

Claudia
    $800 2
Scrabble

Bob
    $800 15
Sunni

Chuck
    $800 6
the circle

Claudia
    $800 9
an end user

Bob
    $1200 28
the Mathers

Bob
    $1200 21
ceviche

Claudia
    $1200 7
Oksana Baiul

Bob
    $1200 17
Zoroastrianism

Bob
    $1200 8
distance equals rate times time

Chuck
    $1200 16
Ensenada

Chuck
    $1600 29
The Sot-Weed Factor

Chuck
    $1600 22
moussaka

Claudia
    $1,200 12
Althea Gibson

Claudia
    $1600 24
a shofar

Claudia
    $1600 10
constant

Triple Stumper
    $1600 18
(Bob: What is Enewektak?)
[Accepted without remark]

Enewetak

Bob
    $2000 30
Zenger

Chuck
    $2000 23
(Claudia: [Responding correctly] Yesss!)
(Alex: The lead is yours again.)
(Claudia: I think I still need RELIGION, $1600.)

carbonara

Claudia
    $2000 13
(Alex: And that man is [*]. All three of them chastising themselves, going crazy--"Oh, I should've got that , I should've got that!" Claudia, go again.)
(Claudia: At this point, I need RELIGION, for $400!)
[Big laughs]

Daley Thompson

Triple Stumper
    $4,000 25
(Claudia: Oh, man! Uh.)
(Alex: Claudia?)
(Claudia: What is Ataloch?)

Moroni

Claudia
    $2000 11
(Pierre de) Fermat

Claudia
    $2000 19
Endymion

Bob

Scores at the end of the Double Jeopardy! Round:

Chuck Bob Claudia
$10,600 $12,400 $9,400

[wagering suggestions for these scores]

Final Jeopardy! Round responses

KNOWLEDGE BY THE NUMBERS
[After Chuck doubles his score, Bob feigns a loss by shaking his head up until his wager reveal. When his wager is revealed he can barely contain his excitement, finally regaining enough composure to salute the audience!]
(Alex: All right! Here are your two opponents who will be joining you on Monday!)
(Eric: Eric Newhouse, Vermillion, South Dakota.)
(Brad: Brad Rutter, Lancaster, Pennsylvania.)
(Alex: And they're all playing for a million dollars. Join us then. So long, everybody!)
ClaudiaWhat is eight
$9,400
ChuckWhat is 6?
$10,600
BobWhat is six?
$8,801
6 (2 + 2 + 2)

Final scores:

Chuck Bob Claudia
$21,200 $21,201 $0
2nd place: $25,000 Finalist 3rd place: $25,000

Game dynamics:

Coryat scores:

Chuck Bob Claudia
$10,600 $12,400 $15,800
19 R,
3 W
17 R,
4 W
17 R
(including 1 DD),
3 W
(including 2 DDs)

Combined Coryat: $38,800

[game clues] [game scores] [suggest correction]

Game tape date: 2002-03-25
The J! Archive is created by fans, for fans. Scraping, republication, monetization, and malicious use prohibited; this site may use cookies and collect identifying information. See terms. The Jeopardy! game show and all elements thereof, including but not limited to copyright and trademark thereto, are the property of Jeopardy Productions, Inc. and are protected under law. This website is not affiliated with, sponsored by, or operated by Jeopardy Productions, Inc. Join the discussion at JBoard.tv.